| 000 | 01075nam a2200253Ia 4500 | ||
|---|---|---|---|
| 001 | 843-CHA fr vi (9826) | ||
| 003 | IT-MiSPE | ||
| 008 | 171229s9999||||xx |||||||||||||| ||und|| | ||
| 040 |
_aIT-MiSPE _cIT-MiSPE |
||
| 041 | _aITALIANO | ||
| 100 | _aFrançois René de Chateaubriand | ||
| 240 | _aVie de Rancé | ||
| 245 | 0 | _aVita di Rancé | |
| 250 | _a1a ed. (v) | ||
| 260 |
_aCinisello B.mo _bSan Paolo _c1993 |
||
| 300 |
_a309 p. _c22 cm |
||
| 490 |
_aBiblioteca di letteratura _v2 |
||
| 500 | _aRancé, Armand Jean Bouthillier de | ||
| 501 | _aEdizioni San Paolo srl - Piazza Soncino, 5 - 20092 CINISELLO BALSAMO (MI) (non commercial uses only) ® Copyright 2018 | ||
| 700 | _aBenedetta Papàsogli | ||
| 942 | _cBK | ||
| 957 | _71 | ||
| 999 |
_a17740 _bNO _g Copie: 1 _c353440 _d353440 |
||